000 00780nam a2200265Ia 4500
003 OSt
005 20221006160208.0
006 a|||||r|||| 00| 0
007 ta
008 221006b |||||||| |||| 00| 0 eng d
020 _a9781452069746
_c1118.00
024 _a44,582
037 _bGift, Korean Embassy
_cTextual
040 _aEASL
_cEASL
_beng
041 _2eng
_aeng
082 _aV495:1973,(zM), Q0
100 _aLee Colonel,etc.
_9672351
245 0 _aCombat history of the United states marine corps,The Korean War
260 _aBloomington
_bAuther House
_c2010
300 _a132p.
_ccm.
490 _v KEL
650 _aKEL
942 _hV495:1973,(zM), Q0
_cTEXL
_2CC
999 _c1112674
_d1112674